[Event "Macaubal Tsiloufas Memorial 2nd"]
[Site "Macaubal"]
[Date "2025.03.02"]
[Round "4"]
[White "Pereira, Giuseppe Nicoluzzi"]
[Black "Hypolito, Artur Pagani"]
[Result "0-1"]
[WhiteElo "1794"]
[BlackElo "1592"]
[PlyCount "48"]
[EventDate "2025.03.01"]
[EventType "swiss"]
[EventRounds "6"]
[EventCountry "BRA"]
[SourceTitle "CB11_2025"]
[SourceDate "2025.03.12"]
[SourceVersion "1"]
[SourceVersionDate "2025.03.12"]
[SourceQuality "1"]

1. d4 Nf6 2. Bg5 e6 3. Nc3 h6 4. Bxf6 Qxf6 5. e3 g6 6. Nf3 Bg7 7. Ne4 Qe7 8. Bd3 0-0 9. 0-0 d6 10. c3 Nd7 11. Qd2 e5 12. Rfe1 f5 13. Ng3 e4 14. Bc4+ Kh7 15. Ng5+ Qxg5 16. d5 Ne5 17. Qe2 h5 18. f4 exf3 19. gxf3 Nxc4 20. f4 Qg4 21. Qxg4 fxg4 22. b3 Nb6 23. c4 Bxa1 24. Rxa1 Bd7 0-1